000 00356nam a2200133Ia 4500
005 20260328104329.0
008 260328s9999||||xx |||||||||||||| ||und||
100 _aWaddell, Gene
245 0 _aGreek and Roman Architecture; classic Architecture ; volumen 1 /
_cGene Waddell
260 _bMiddletown
300 _a438 p.
650 _aHISTORIA
942 _cBK
999 _c11624
_d11624